Geographical Locations Starting with K and L - Statistics

General Stats
  • This quiz has been taken 79 times
    64 since last reset
  • The average score is 21 of 26
Answer Stats
Hint Answer % Correct
Highest peak in Pakistan K2
96%
Baltic countries starting with L Latvia
96%
Country in Oceania Kiribati
95%
Country in the Middle East Kuwait
95%
Port and former capital of Nigeria Lagos
95%
A country in Southeast Asia Laos
95%
Lithuania
95%
A country in Southern Africa Lesotho
93%
The administrative capital of Bolivia La Paz
91%
Name of Saint Petersburg from 1924 to 1991 Leningrad
89%
City in Japan on the island of Honshu that once served as Japan's capital Kyoto
89%
Volcanic mountain in Tanzania and the highest peak in Africa Kilimanjaro
87%
A city in Honshu, Japan and high quality beef and a famous basketball player Kobe
87%
The second largest city of Pakistan and the Capital of Punjab province Lahore
87%
Lake in Scotland believes to be the home of the monster Nessie {Loch} Ness
87%
The northern parts of Scandinavia and Finland, Russia, traditionally inhabited by the Sami people Lapland
85%
Capital of the Sudan Khartoum
84%
Its capital city is Topeka Kansas
80%
City in Kanagawa prefecture, Japan and also a Motorcycle Brand Kawasaki
78%
Country that starts with 8 consonants. For this answer "Y" is a consonant. Kyrgyzstan
78%
Region in the northern part of the Indian subcontinent, between India, Pakistan and China Kashmir
71%
The classical name for the island of Greece in the north-eastern Aegean Sea Lesbos
71%
Former name for Cambodia Kampuchea
55%
Collective name for the countries bordering the eastern Mediterranean Sea Levant
55%
River in southern India and a Hindu God with blue skin who plays a flute Krishna
38%
The mountain range containing the highest peak in Pakistan Karakoram
15%
No matching quizzes found
Score Distribution
Percent of People with Each Score
Percentile by Number Answered
Your Score History
You have not taken this quiz since the last reset